[Event "Landesliga Sued 1213"]
[Site "Bayern"]
[Date "2013.03.17"]
[Round "8.3"]
[White "Komljenovic, Luka"]
[Black "Jussupow, Alexander"]
[Result "0-1"]
[WhiteElo "2197"]
[BlackElo "2130"]
[PlyCount "68"]
[EventDate "2012.10.14"]
[EventType "team-tourn"]
[EventRounds "9"]
[EventCountry "GER"]
[SourceTitle "EXT 2015"]
[Source "ChessBase"]
[SourceDate "2014.11.20"]
[SourceVersion "1"]
[SourceVersionDate "2014.11.20"]
[SourceQuality "1"]
[WhiteTeam "Unterhaching"]
[BlackTeam "Krumbach"]
[WhiteTeamCountry "GER"]
[BlackTeamCountry "GER"]

1. Nf3 d5 2. d4 Nf6 3. c4 e6 4. Nc3 Be7 5. Bg5 b6 6. e3 Bb7 7. Bxf6 Bxf6 8. cxd5 exd5 9. Be2 0-0 10. 0-0 Nd7 11. Qb3 c6 12. Rad1 Qe7 13. Rfe1 Rfd8 14. Bd3 Nf8 15. e4 Qd7 16. exd5 cxd5 17. Ne5 Bxe5 18. Rxe5 Ng6 19. Bf5 Qd6 20. Bxg6 Qxg6 21. Nxd5 Rxd5 22. Rxd5 Re8 23. h4 h6 24. Qf3 Qc2 25. Rf1 Qc4 26. Re5 Rxe5 27. Qxb7 Qxd4 28. Qxa7 Qxb2 29. Rd1 Rf5 30. f3 Qe2 31. Rd8+ Kh7 32. Qxb6 Qe1+ 33. Kh2 Qxh4+ 34. Kg1 Qe1+ 0-1

[Event "Landesliga Sued 1112"]
[Site "Bayern"]
[Date "2012.03.18"]
[Round "8.2"]
[White "Komljenovic, Luka"]
[Black "Schmidt, Wolfgang"]
[Result "1/2-1/2"]
[WhiteElo "2213"]
[BlackElo "2252"]
[PlyCount "32"]
[EventDate "2011.10.02"]
[EventType "team-tourn"]
[EventRounds "9"]
[EventCountry "GER"]
[SourceTitle "EXT 2015"]
[Source "ChessBase"]
[SourceDate "2014.11.20"]
[SourceVersion "1"]
[SourceVersionDate "2014.11.20"]
[SourceQuality "1"]
[WhiteTeam "Unterhaching"]
[BlackTeam "Landshut"]
[WhiteTeamCountry "GER"]
[BlackTeamCountry "GER"]

1. Nf3 f5 2. c4 Nf6 3. g3 g6 4. Bg2 Bg7 5. 0-0 0-0 6. d4 d6 7. Nc3 c6 8. Rb1 Qe8 9. d5 Na6 10. b4 Bd7 11. a3 Nc7 12. Bb2 cxd5 13. cxd5 h6 14. Nd4 Qf7 15. f4 Kh7 16. Nc2 Rac8 1/2-1/2

[Event "Landesliga Sued 1112"]
[Site "Bayern"]
[Date "2011.10.02"]
[Round "1.2"]
[White "Komljenovic, Luka"]
[Black "Straub, Juergen"]
[Result "1/2-1/2"]
[WhiteElo "2213"]
[BlackElo "2131"]
[PlyCount "138"]
[EventDate "2011.10.02"]
[EventType "team-tourn"]
[EventRounds "9"]
[EventCountry "GER"]
[SourceTitle "EXT 2013"]
[Source "ChessBase"]
[SourceDate "2012.11.22"]
[SourceVersion "1"]
[SourceVersionDate "2012.11.22"]
[SourceQuality "1"]
[WhiteTeam "Unterhaching"]
[BlackTeam "Ingolstadt"]
[WhiteTeamCountry "GER"]
[BlackTeamCountry "GER"]

1. Nf3 Nf6 2. c4 e6 3. Nc3 Bb4 4. Qc2 0-0 5. a3 Bxc3 6. Qxc3 b6 7. e3 Bb7 8. Be2 d6 9. b4 Nbd7 10. Bb2 e5 11. d4 e4 12. Nh4 d5 13. c5 c6 14. Nf5 Ne8 15. g4 g6 16. Ng3 Qh4 17. 0-0-0 Qf6 18. Rdf1 bxc5 19. dxc5 Qxc3+ 20. Bxc3 Nc7 21. Rd1 Rfe8 22. h4 a5 23. Kc2 axb4 24. axb4 Ba6 25. Ra1 Bxe2 26. Nxe2 Nb5 27. Bb2 Nf8 28. h5 Ne6 29. Nc3 Nxc3 30. Bxc3 Nc7 31. Bf6 Na6 32. Kc3 Nc7 33. Kb3 Nb5 34. g5 Rec8 35. Bb2 Rxa1 36. Rxa1 Kf8 37. hxg6 hxg6 38. Bf6 Ke8 39. Rh1 Kd7 40. Ra1 Ke6 41. Ra6 Kd7 42. Ka4 Rc7 43. Rb6 Ke6 44. Rxc6+ Rxc6 45. Kxb5 Kd7 46. Be5 Re6 47. Bd4 Kc7 48. Ka5 Re8 49. b5 Ra8+ 50. Kb4 Ra2 51. Be5+ Kc8 52. c6 Rc2 53. Bg3 Rc1 54. Ka5 Ra1+ 55. Kb6 Rc1 56. Bd6 Rc2 57. c7 Rc1 58. Ka7 Rc2 59. Kb6 Rc1 60. Bc5 Kd7 61. c8Q+ Kxc8 62. Kc6 Rc2 63. b6 Rb2 64. Bd4 Rb1 65. Kxd5 Rd1 66. Kc6 Rc1+ 67. Kd5 Rc2 68. Kxe4 Rxf2 69. Kd5 Kb7 1/2-1/2

[Event "Regionalliga SW 1011"]
[Site "Bayern"]
[Date "2010.12.12"]
[Round "4.1"]
[White "Rogobete, Nikolas Johann"]
[Black "Komljenovic, Luka"]
[Result "1/2-1/2"]
[WhiteElo "2175"]
[BlackElo "2207"]
[PlyCount "92"]
[EventDate "2010.10.10"]
[EventType "team-tourn"]
[EventRounds "9"]
[EventCountry "GER"]
[SourceTitle "EXT 2012"]
[Source "ChessBase"]
[SourceDate "2011.11.24"]
[SourceVersion "1"]
[SourceVersionDate "2011.11.24"]
[SourceQuality "1"]
[WhiteTeam "Tuerkheim/Bad Woerishofen"]
[BlackTeam "Unterhaching"]
[WhiteTeamCountry "GER"]
[BlackTeamCountry "GER"]

1. e4 d6 2. d4 Nf6 3. Nc3 Nbd7 4. Nf3 e5 5. Bc4 Be7 6. 0-0 c6 7. Bb3 Qc7 8. Bg5 h6 9. Be3 g5 10. h4 g4 11. Nh2 h5 12. f4 Nf8 13. fxe5 dxe5 14. d5 g3 15. Nf3 Ng4 16. Qd2 f6 17. Kh1 Bd7 18. Bg1 0-0-0 19. a4 Bb4 20. Qd3 Ng6 21. Ne2 Qa5 22. Qc4 Kb8 23. c3 Be7 24. Nxg3 Nf4 25. Rad1 cxd5 26. exd5 Rc8 27. Qe4 Bc5 28. Rd2 Bxg1 29. Nxg1 Qb6 30. Bd1 Rhg8 31. Rf3 f5 32. Nxf5 Qf6 33. Rxf4 exf4 34. Ne7 Qxh4+ 35. Nh3 Rcf8 36. Nxg8 Nf2+ 37. Rxf2 Bxh3 38. Kg1 Rxg8 39. Qe5+ Kc8 40. Bf3 Bd7 41. a5 Re8 42. Qxh5 Re1+ 43. Rf1 Rxf1+ 44. Kxf1 Bb5+ 45. Kg1 Qe1+ 46. Kh2 Qg3+ 1/2-1/2

[Event "Regionalliga SW 0910"]
[Site "Bayern"]
[Date "2010.02.07"]
[Round "6.1"]
[White "Komljenovic, Luka"]
[Black "Oberhofer, Max"]
[Result "1-0"]
[WhiteElo "2207"]
[BlackElo "1994"]
[PlyCount "41"]
[EventDate "2009.10.18"]
[EventType "team-tourn"]
[EventRounds "9"]
[EventCountry "GER"]
[SourceTitle "EXT 2011"]
[Source "ChessBase"]
[SourceDate "2010.11.26"]
[SourceVersion "1"]
[SourceVersionDate "2010.11.26"]
[SourceQuality "1"]
[WhiteTeam "Unterhaching"]
[BlackTeam "Sonthofen"]
[WhiteTeamCountry "GER"]
[BlackTeamCountry "GER"]

1. Nf3 b6 2. e4 Bb7 3. Nc3 g6 4. d4 Bg7 5. Bc4 e6 6. Bg5 f6 7. Bf4 a6 8. Qe2 b5 9. Bb3 Nh6 10. 0-0-0 Nf7 11. h4 Bh6 12. Bxh6 Nxh6 13. h5 Qe7 14. hxg6 hxg6 15. e5 Nc6 16. Qe3 g5 17. d5 Nxe5 18. Nxe5 fxe5 19. dxe6 0-0-0 20. Qxe5 Kb8 21. Rxd7 1-0

[Event "Regionalliga SW 0708"]
[Site "Bayern"]
[Date "2007.11.25"]
[Round "3.2"]
[White "Komljenovic, Luka"]
[Black "Bucan, Djordje"]
[Result "1/2-1/2"]
[WhiteElo "2174"]
[BlackElo "2118"]
[PlyCount "148"]
[EventDate "2007.10.21"]
[EventType "team-tourn"]
[EventRounds "9"]
[EventCountry "GER"]
[SourceTitle "EXT 2009"]
[Source "ChessBase"]
[SourceDate "2008.11.26"]
[SourceVersion "1"]
[SourceVersionDate "2008.11.26"]
[SourceQuality "1"]
[WhiteTeam "Unterhaching"]
[BlackTeam "Muenchen Suedost"]
[WhiteTeamCountry "GER"]
[BlackTeamCountry "GER"]

1. Nf3 d6 2. d4 Bg4 3. c4 c6 4. Nc3 Nf6 5. e4 Nbd7 6. Be2 e5 7. 0-0 Be7 8. Be3 0-0 9. d5 c5 10. Ne1 Bxe2 11. Qxe2 Ne8 12. g3 g6 13. Nd3 f5 14. a3 Nef6 15. f3 fxe4 16. fxe4 a5 17. b3 Nb6 18. Bh6 Rf7 19. a4 Bf8 20. Bd2 Nbd7 21. Nb5 Be7 22. Nf2 Kg7 23. Nh3 h6 24. Rf2 Qb6 25. Raf1 Raf8 26. g4 Ng8 27. Rxf7+ Rxf7 28. Rxf7+ Kxf7 29. Qe1 Bd8 30. Nf2 Nb8 31. Kg2 Na6 32. Bxa5 Qxa5 33. Qxa5 Bxa5 34. Nxd6+ Ke7 35. Nxb7 Bc3 36. Nd3 Bd4 37. Kf3 Nf6 38. Na5 Nh7 39. Nc6+ Kd6 40. h4 Bc3 41. Nd8 Ke7 42. Ne6 Kd6 43. Nd8 Ke7 44. Ne6 Kd6 45. h5 gxh5 46. gxh5 Bd2 47. Ke2 Bg5 48. Ng7 Nf6 49. Kf3 Bd2 50. Nf5+ Kc7 51. Nxe5 Nxh5 52. d6+ Kd8 53. Ng4 Kd7 54. e5 Ke6 55. Ke4 Nb8 56. Ngxh6 Bxh6 57. Nxh6 Nc6 58. Ng4 Ng3+ 59. Kd3 Nf5 60. Kc3 Nfd4 61. a5 Nb4 62. Ne3 Kxe5 63. d7 Ndc6 64. Nd5 Na6 65. d8Q Nxd8 66. b4 cxb4+ 67. Nxb4 Nc5 68. a6 Na4+ 69. Kb3 Nc5+ 70. Kc3 Na4+ 71. Kb3 Nc5+ 72. Ka3 Nxa6 73. Nxa6 Kd6 74. Kb4 Kc6 1/2-1/2

[Event "Regionalliga SW 0607"]
[Site "Bayern"]
[Date "2007.04.22"]
[Round "9.2"]
[White "Kuenzner, Franz"]
[Black "Komljenovic, Luka"]
[Result "1-0"]
[WhiteElo "2216"]
[BlackElo "2192"]
[PlyCount "146"]
[EventDate "2006.10.15"]
[EventType "team-tourn"]
[EventRounds "9"]
[EventCountry "GER"]
[SourceTitle "EXT 2008"]
[Source "ChessBase"]
[SourceDate "2007.11.25"]
[SourceVersion "1"]
[SourceVersionDate "2007.11.25"]
[SourceQuality "1"]
[WhiteTeam "Muenchen Sendling"]
[BlackTeam "Unterhaching"]
[WhiteTeamCountry "GER"]
[BlackTeamCountry "GER"]

1. c4 Nf6 2. Nc3 g6 3. d3 Bg7 4. Bg5 0-0 5. Qd2 c5 6. Nf3 Nc6 7. e4 d6 8. Be2 a6 9. 0-0 Rb8 10. Bh6 b5 11. Bxg7 Kxg7 12. h3 e5 13. Nh2 bxc4 14. dxc4 Nd4 15. Bg4 Nxe4 16. Nxe4 f5 17. Rae1 fxg4 18. hxg4 Bb7 19. f3 h6 20. Rf2 Bxe4 21. Rxe4 Qg5 22. Qa5 Qd8 23. Qe1 Rb7 24. Re3 Qh4 25. Ra3 Rxb2 26. Rxa6 Qg3 27. Ra7+ Rf7 28. Rxf7+ Kxf7 29. Qe3 Rxf2 30. Qxf2 Qf4 31. Nf1 Qc1 32. Qd2 Qxc4 33. Qxh6 Ne2+ 34. Kh2 Qf4+ 35. Qxf4+ Nxf4 36. a4 Ke6 37. Ne3 Nd5 38. Nc4 Nb4 39. a5 d5 40. Na3 c4 41. Kg1 Kd6 42. g3 Nd3 43. a6 Kc6 44. Nb5 g5 45. a7 Kb7 46. Kf1 Nc5 47. f4 exf4 48. gxf4 gxf4 49. g5 Ne6 50. g6 c3 51. Nxc3 Kxa7 52. Nxd5 Kb7 53. Nxf4 Ng7 54. Ke2 Kc6 55. Kf3 Kd6 56. Ke4 Ke7 57. Ke5 Kf8 58. Kf6 Kg8 59. Kg5 Kh8 60. Nd5 Ne6+ 61. Kf6 Ng7 62. Kf7 Nf5 63. Nf4 Ng7 64. Kf8 Ne6+ 65. Kf7 Ng7 66. Ne2 Nf5 67. Kf6 Ng7 68. Nd4 Nh5+ 69. Kf7 Ng7 70. Nf3 Nh5 71. Ne5 Ng7 72. Ke7 Nf5+ 73. Kf8 Nh6 1-0

[Event "Regionalliga SW 0607"]
[Site "Bayern"]
[Date "2006.10.29"]
[Round "2.2"]
[White "Schwarzberg, Ilja"]
[Black "Komljenovic, Luka"]
[Result "1/2-1/2"]
[WhiteElo "2105"]
[BlackElo "2192"]
[PlyCount "70"]
[EventDate "2006.10.15"]
[EventType "team-tourn"]
[EventRounds "9"]
[EventCountry "GER"]
[SourceTitle "EXT 2008"]
[Source "ChessBase"]
[SourceDate "2007.11.25"]
[SourceVersion "1"]
[SourceVersionDate "2007.11.25"]
[SourceQuality "1"]
[WhiteTeam "Muenchen Tarrasch II"]
[BlackTeam "Unterhaching"]
[WhiteTeamCountry "GER"]
[BlackTeamCountry "GER"]

1. e4 c5 2. d4 cxd4 3. c3 dxc3 4. Nxc3 Nc6 5. Nf3 e6 6. Bc4 d6 7. 0-0 Be7 8. Qe2 a6 9. Rd1 Qc7 10. Bf4 Nf6 11. Rac1 0-0 12. Bb3 Qb8 13. Nd5 exd5 14. exd5 Ne5 15. Nxe5 dxe5 16. Bxe5 Bd6 17. Bxf6 gxf6 18. Qh5 Bf4 19. Rc4 Qe5 20. Qh4 Bg5 21. Qh5 Bf4 22. Qh4 Bg5 23. Qh5 Bf5 24. h4 Bg6 25. Qf3 Bh6 26. d6 b5 27. Rc7 Rad8 28. Re7 Qf4 29. Qc6 Qxh4 30. d7 Bf4 31. g3 Bxg3 32. fxg3 Qxg3+ 33. Kh1 Qh3+ 34. Kg1 Qg3+ 35. Kh1 Qh3+ 1/2-1/2

[Event "Regionalliga SW 0506"]
[Site "Bayern"]
[Date "2006.02.19"]
[Round "7.3"]
[White "Walter, Mario E"]
[Black "Komljenovic, Luka"]
[Result "0-1"]
[WhiteElo "1915"]
[BlackElo "2161"]
[PlyCount "80"]
[EventDate "2005.10.23"]
[EventType "team-tourn"]
[EventRounds "9"]
[EventCountry "GER"]
[SourceTitle "EXT 2007"]
[Source "ChessBase"]
[SourceDate "2006.11.23"]
[SourceVersion "1"]
[SourceVersionDate "2006.11.23"]
[SourceQuality "1"]

1. d4 d5 2. c4 e6 3. Nc3 c5 4. e3 Nf6 5. Nf3 Nc6 6. cxd5 exd5 7. Be2 Bd6 8. 0-0 0-0 9. Nb5 Be7 10. dxc5 Bxc5 11. b3 Qe7 12. Bb2 Rd8 13. Nbd4 Ne4 14. Rc1 Nb4 15. a3 Nc6 16. b4 Nxd4 17. Nxd4 Bd6 18. Qd3 a5 19. Nc2 axb4 20. axb4 Be6 21. f4 Ra2 22. Rb1 Rc8 23. Bf3 Rc4 24. b5 Bc5 25. Ra1 Rca4 26. f5 Rxa1 27. Rxa1 Rxa1+ 28. Bxa1 Bxf5 29. Qxd5 Bg6 30. Bd4 Bd6 31. Qc4 h6 32. g3 Nd2 33. Qc8+ Kh7 34. Bg2 Nb3 35. Bb6 Nc5 36. Qg4 Bxc2 37. Qc4 Qxe3+ 38. Kh1 Qc1+ 39. Bf1 Be4+ 40. Kg1 Qe3# 0-1

[Event "Regionalliga SW 0506"]
[Site "Bayern"]
[Date "2005.11.27"]
[Round "3.5"]
[White "Komljenovic, Luka"]
[Black "Schulz, Juergen2222"]
[Result "1-0"]
[WhiteElo "2161"]
[BlackElo "2091"]
[PlyCount "79"]
[EventDate "2005.10.23"]
[EventType "team-tourn"]
[EventRounds "9"]
[EventCountry "GER"]
[SourceTitle "EXT 2007"]
[Source "ChessBase"]
[SourceDate "2006.11.23"]
[SourceVersion "1"]
[SourceVersionDate "2006.11.23"]
[SourceQuality "1"]

1. d4 f5 2. c4 Nf6 3. Nf3 g6 4. g3 Bg7 5. Bg2 d6 6. 0-0 0-0 7. Nc3 Qe8 8. d5 Na6 9. Rb1 c6 10. dxc6 bxc6 11. b4 Bd7 12. Qa4 Qc8 13. Rd1 Rb8 14. Qa5 Ng4 15. Bd2 Nc7 16. h3 Ne5 17. Nxe5 Bxe5 18. e3 a6 19. Ne2 Ne6 20. Bc3 Bxc3 21. Nxc3 Ng5 22. f4 Nf7 23. c5 d5 24. Bf1 Ra8 25. Na4 Ra7 26. Nb6 Qb7 27. Qa3 Bc8 28. Qb3 e6 29. a4 Qc7 30. Qc3 Re8 31. Rd2 e5 32. b5 axb5 33. axb5 d4 34. exd4 exf4 35. bxc6 Re3 36. Rd3 Qxc6 37. Rxe3 fxe3 38. Qxe3 Bb7 39. d5 Qf6 40. Nd7 1-0

[Event "Regionalliga SW 0506"]
[Site "Bayern"]
[Date "2005.11.13"]
[Round "2.3"]
[White "Jermann, Frank"]
[Black "Komljenovic, Luka"]
[Result "1/2-1/2"]
[WhiteElo "2085"]
[BlackElo "2161"]
[PlyCount "76"]
[EventDate "2005.10.23"]
[EventType "team-tourn"]
[EventRounds "9"]
[EventCountry "GER"]
[SourceTitle "EXT 2007"]
[Source "ChessBase"]
[SourceDate "2006.11.23"]
[SourceVersion "1"]
[SourceVersionDate "2006.11.23"]
[SourceQuality "1"]

1. d4 d5 2. Nf3 e6 3. Bf4 c5 4. c3 Qb6 5. Qc2 Nc6 6. e3 Bd7 7. Ne5 Nxe5 8. Bxe5 Nf6 9. Nd2 cxd4 10. exd4 Be7 11. Bd3 Bb5 12. Rb1 Qa6 13. Bxb5+ Qxb5 14. a4 Qa6 15. Qb3 0-0 16. Bxf6 Bxf6 17. Qb5 Qxb5 18. axb5 a6 19. bxa6 Rxa6 20. Nb3 Be7 21. Kd2 Rfa8 22. Ra1 Kf8 23. Rxa6 Rxa6 24. Ra1 Rxa1 25. Nxa1 Bd6 26. h3 Ke7 27. Kd3 b5 28. Nc2 f6 29. Ne3 f5 30. b3 Bf4 31. Nc2 Bd6 32. Ne3 Kf6 33. c4 bxc4+ 34. bxc4 dxc4+ 35. Nxc4 Bc7 36. Ke3 g5 37. g4 h6 38. f3 Bf4+ 1/2-1/2

[Event "Regionalliga SW 0405"]
[Site "Bayern"]
[Date "2004.11.28"]
[Round "3.3"]
[White "Wiesend, Bruno"]
[Black "Komljenovic, Luka"]
[Result "1/2-1/2"]
[WhiteElo "2246"]
[BlackElo "2159"]
[PlyCount "58"]
[EventDate "2004.10.24"]
[EventType "team-tourn"]
[EventRounds "9"]
[EventCountry "GER"]
[SourceTitle "EXT 2007"]
[Source "ChessBase"]
[SourceDate "2006.11.23"]
[SourceVersion "1"]
[SourceVersionDate "2006.11.23"]
[SourceQuality "1"]
[WhiteTeam "Muenchen RTA"]
[BlackTeam "Unterhaching"]
[WhiteTeamCountry "GER"]
[BlackTeamCountry "GER"]

1. d4 Nf6 2. Nf3 g6 3. Bf4 Bg7 4. e3 0-0 5. h3 d6 6. Nbd2 c5 7. c3 b6 8. Bd3 Bb7 9. 0-0 cxd4 10. exd4 Nc6 11. Re1 e5 12. Bh2 Nh5 13. dxe5 dxe5 14. Bb5 f6 15. Qa4 Qc7 16. Rad1 a6 17. Bc4+ Kh8 18. Bd5 b5 19. Qh4 Rad8 20. Nb3 Ne7 21. Bxb7 Qxb7 22. Nc5 Qc6 23. Rxd8 Rxd8 24. Nxe5 fxe5 25. Qxe7 Bf6 26. Qe6 Qxc5 27. g4 Qd5 28. Qxd5 Rxd5 29. gxh5 gxh5 1/2-1/2

[Event "Regionalliga SW 0405"]
[Site "Bayern"]
[Date "2004.11.14"]
[Round "2.5"]
[White "Komljenovic, Luka"]
[Black "Koch, Enrico"]
[Result "1-0"]
[WhiteElo "2159"]
[BlackElo "2053"]
[PlyCount "51"]
[EventDate "2004.10.24"]
[EventType "team-tourn"]
[EventRounds "9"]
[EventCountry "GER"]
[SourceTitle "EXT 2007"]
[Source "ChessBase"]
[SourceDate "2006.11.23"]
[SourceVersion "1"]
[SourceVersionDate "2006.11.23"]
[SourceQuality "1"]
[WhiteTeam "Unterhaching"]
[BlackTeam "Muenchen Tarrasch II"]
[WhiteTeamCountry "GER"]
[BlackTeamCountry "GER"]

1. d4 d5 2. Nf3 Nf6 3. c4 c6 4. Nc3 e6 5. Bg5 dxc4 6. e4 b5 7. e5 h6 8. Bh4 g5 9. exf6 gxh4 10. Ne5 Qxf6 11. Be2 Nd7 12. Nxc6 Bb7 13. Bf3 a6 14. 0-0 Rc8 15. a4 b4 16. Nd5 Qf5 17. Nde7 Bxe7 18. Nxe7 Kxe7 19. Bxb7 Rcg8 20. Rc1 Nb6 21. Re1 Nd5 22. Re5 Qh3 23. Bxd5 Kd6 24. Re3 Qf5 25. Be4 Qg5 26. Rxc4 1-0

[Event "Pula op 18th"]
[Site "Pula"]
[Date "2004.06.21"]
[Round "3"]
[White "Sedlak, Nikola"]
[Black "Komljenovic, Luka"]
[Result "1-0"]
[WhiteElo "2519"]
[BlackElo "2228"]
[PlyCount "59"]
[EventDate "2004.06.19"]
[EventType "swiss"]
[EventRounds "9"]
[EventCountry "CRO"]
[SourceTitle "CBM 100 Extra"]
[Source "ChessBase"]
[SourceDate "2004.07.06"]
[SourceVersion "2"]
[SourceVersionDate "2004.07.06"]
[SourceQuality "1"]

1. e4 c5 2. Nf3 d6 3. Bb5+ Bd7 4. Bxd7+ Qxd7 5. 0-0 Nc6 6. c3 Nf6 7. d4 cxd4 8. cxd4 d5 9. e5 Ne4 10. Ne1 h6 11. f3 Ng5 12. Nc3 e6 13. Be3 Be7 14. Nd3 0-0 15. Nf4 Rfc8 16. Nh5 Nh7 17. Qe1 Nf8 18. f4 Ng6 19. g4 Bh4 20. Qe2 Re8 21. Qg2 Bd8 22. Rad1 Rc8 23. f5 Nh4 24. Qg3 Na5 25. f6 g5 26. Bxg5 hxg5 27. Qe3 Kh7 28. Qxg5 Ng6 29. Rf3 Rh8 30. Nf4 1-0

[Event "Regionalliga SW 0304"]
[Site "Bayern"]
[Date "2004.04.25"]
[Round "9.1"]
[White "Komljenovic, Luka"]
[Black "Koepke, Elena"]
[Result "1/2-1/2"]
[WhiteElo "2166"]
[BlackElo "2285"]
[PlyCount "45"]
[EventDate "2003.10.??"]
[EventType "team"]
[EventRounds "9"]
[EventCountry "GER"]
[SourceTitle "EXT 2006"]
[Source "ChessBase"]
[SourceDate "2005.11.24"]
[SourceVersion "1"]
[SourceVersionDate "2005.11.24"]
[SourceQuality "1"]
[WhiteTeam "Unterhaching"]
[BlackTeam "Muenchen Tarrasch II"]
[WhiteTeamCountry "GER"]
[BlackTeamCountry "GER"]

1. Nf3 d5 2. c4 dxc4 3. Na3 Nc6 4. Nxc4 Nf6 5. g3 g6 6. Bg2 Bg7 7. 0-0 0-0 8. d3 Be6 9. Bf4 Nd5 10. Bd2 Nb6 11. Nxb6 axb6 12. Bc3 Bxc3 13. bxc3 Ra3 14. Qc1 Qd6 15. Qh6 f6 16. c4 Rfa8 17. h4 R8a5 18. Rfb1 Qd8 19. Rb2 Qf8 20. Qf4 Qd8 21. Qh6 Rh5 22. Qd2 Rha5 23. Qh6 1/2-1/2

[Event "Regionalliga SW 0304"]
[Site "Bayern"]
[Date "2004.03.28"]
[Round "8.1"]
[White "Krulich, Roman"]
[Black "Komljenovic, Luka"]
[Result "1-0"]
[WhiteElo "2186"]
[BlackElo "2166"]
[PlyCount "61"]
[EventDate "2003.10.??"]
[EventType "team"]
[EventRounds "9"]
[EventCountry "GER"]
[SourceTitle "EXT 2006"]
[Source "ChessBase"]
[SourceDate "2005.11.24"]
[SourceVersion "1"]
[SourceVersionDate "2005.11.24"]
[SourceQuality "1"]
[WhiteTeam "Muenchen 77 Nord"]
[BlackTeam "Unterhaching"]
[WhiteTeamCountry "GER"]
[BlackTeamCountry "GER"]

1. e4 c5 2. c3 Nf6 3. e5 Nd5 4. d4 cxd4 5. cxd4 d6 6. Nf3 Nc6 7. Bc4 Nb6 8. Bb3 dxe5 9. d5 Na5 10. Nc3 Nxb3 11. Qxb3 f6 12. a4 a6 13. Be3 Nd7 14. 0-0 g6 15. Ne4 Bg7 16. d6 Nf8 17. Rfd1 Ne6 18. Bb6 Qd7 19. Rac1 Bh6 20. dxe7 Kxe7 21. Rxd7+ Bxd7 22. Rd1 Bc6 23. Nc5 Nf4 24. g3 Nh3+ 25. Kf1 Ng5 26. Nxg5 Bxg5 27. Qe6+ Kf8 28. h4 Bh6 29. Rd7 Bxd7 30. Nxd7+ Kg7 31. Qe7+ 1-0

[Event "Regionalliga SW 0203"]
[Site "Bayern"]
[Date "2003.03.09"]
[Round "8.2"]
[White "Miskevicer, Boris"]
[Black "Komljenovic, Luka"]
[Result "1-0"]
[WhiteElo "2162"]
[BlackElo "2174"]
[PlyCount "59"]
[EventDate "2002.10.20"]
[EventType "team"]
[EventRounds "9"]
[EventCountry "GER"]
[SourceTitle "EXT 2004"]
[Source "ChessBase"]
[SourceDate "2003.11.25"]
[SourceVersion "1"]
[SourceVersionDate "2003.11.25"]
[SourceQuality "1"]
[WhiteTeam "Muenchen 77 Nord"]
[BlackTeam "Unterhaching"]
[WhiteTeamCountry "GER"]
[BlackTeamCountry "GER"]

1. c4 Nf6 2. Nc3 g6 3. d4 Bg7 4. e4 0-0 5. Be3 d6 6. f3 b6 7. Qd2 c5 8. Nge2 Nc6 9. d5 Ne5 10. Ng3 e6 11. Be2 exd5 12. cxd5 Re8 13. 0-0 a6 14. a4 h5 15. Bg5 Qc7 16. f4 Ned7 17. e5 dxe5 18. d6 Qa7 19. f5 Kh7 20. Qc2 e4 21. Ncxe4 Nxe4 22. Nxe4 Kg8 23. fxg6 fxg6 24. Bc4+ Kh8 25. Rf7 Qb8 26. Nf6 Ne5 27. Rxg7 Kxg7 28. Nxe8+ Kf8 29. Nc7 Bf5 30. Bh6# 1-0

[Event "Regionalliga SW 0203"]
[Site "Bayern"]
[Date "2003.02.09"]
[Round "6.2"]
[White "Schreiner, Richard"]
[Black "Komljenovic, Luka"]
[Result "0-1"]
[WhiteElo "2153"]
[BlackElo "2174"]
[PlyCount "150"]
[EventDate "2002.10.20"]
[EventType "team"]
[EventRounds "9"]
[EventCountry "GER"]
[SourceTitle "EXT 2004"]
[Source "ChessBase"]
[SourceDate "2003.11.25"]
[SourceVersion "1"]
[SourceVersionDate "2003.11.25"]
[SourceQuality "1"]
[WhiteTeam "Garching"]
[BlackTeam "Unterhaching"]
[WhiteTeamCountry "GER"]
[BlackTeamCountry "GER"]

1. d4 Nf6 2. Nf3 g6 3. g3 Bg7 4. Bg2 0-0 5. 0-0 d6 6. c4 Nc6 7. d5 Na5 8. Nbd2 c5 9. e4 a6 10. a4 e6 11. Rb1 exd5 12. cxd5 b5 13. Re1 Nd7 14. Qc2 c4 15. axb5 axb5 16. b4 cxb3 17. Nxb3 Nxb3 18. Rxb3 Nc5 19. Rxb5 Ra1 20. Bb2 Ra2 21. e5 Bf5 22. Qc4 Ra4 23. Rxc5 Rxc4 24. Rxc4 Re8 25. Nd4 Rxe5 26. Ra1 Re8 27. Rac1 Qb6 28. Ba1 Bd3 29. Ra4 h5 30. Bh3 h4 31. Bc3 hxg3 32. hxg3 Be4 33. Rb4 Qa6 34. Bf1 Qc8 35. Bd2 Qg4 36. Be3 Qh5 37. Bg2 Bxg2 38. Kxg2 Qxd5+ 39. Kg1 Re4 40. Rd1 Qh5 41. Rd2 Re8 42. Ne2 Ra8 43. Rb1 Qf3 44. Nf4 Be5 45. Ng2 Kg7 46. Nh4 Qg4 47. Rbd1 Rh8 48. Ng2 Rh3 49. Rf1 Qf3 50. Rd3 g5 51. Rd2 Kg6 52. Rc2 f5 53. Rc4 Qe2 54. Ra4 Qh5 55. f4 Rh1+ 56. Kf2 Rxf1+ 57. Kxf1 Qd1+ 58. Kf2 Qxa4 59. fxe5 dxe5 60. Ne1 f4 61. gxf4 gxf4 62. Bd2 Qd4+ 63. Ke2 Kf5 64. Nf3 Qc4+ 65. Ke1 e4 66. Nh4+ Kg4 67. Ng2 Kf3 68. Nh4+ Kg3 69. Nf5+ Kg4 70. Nh6+ Kf3 71. Kd1 e3 72. Nf5 exd2 73. Nh4+ Kg4 74. Ng6 Qe4 75. Kxd2 Qxg6 0-1

[Event "Regionalliga SW 0203"]
[Site "Bayern"]
[Date "2002.11.17"]
[Round "2.2"]
[White "Komljenovic, Luka"]
[Black "Hittinger, Christian"]
[Result "1/2-1/2"]
[WhiteElo "2174"]
[BlackElo "1991"]
[PlyCount "70"]
[EventDate "2002.10.20"]
[EventType "team"]
[EventRounds "9"]
[EventCountry "GER"]
[SourceTitle "EXT 2004"]
[Source "ChessBase"]
[SourceDate "2003.11.25"]
[SourceVersion "1"]
[SourceVersionDate "2003.11.25"]
[SourceQuality "1"]
[WhiteTeam "Unterhaching"]
[BlackTeam "Muenchen Suedost"]
[WhiteTeamCountry "GER"]
[BlackTeamCountry "GER"]

1. d4 Nf6 2. c4 e6 3. Nf3 d5 4. Nc3 Be7 5. Bg5 0-0 6. e3 Nbd7 7. Rc1 c6 8. Bd3 dxc4 9. Bxc4 Nd5 10. Bxe7 Qxe7 11. 0-0 Nxc3 12. Rxc3 e5 13. dxe5 Nxe5 14. Nxe5 Qxe5 15. f4 Qf6 16. e4 Rd8 17. Qh5 g6 18. Qh6 Be6 19. Bxe6 fxe6 20. e5 Qe7 21. h4 Qf8 22. Qg5 Qf5 23. Qe7 Qf7 24. Qg5 Qf5 25. Qe7 Qf7 26. Qb4 Rd5 27. Rg3 Rad8 28. h5 Rd4 29. Qb3 Rxf4 30. Rxf4 Qxf4 31. Qxe6+ Qf7 32. Qg4 Qxa2 33. hxg6 h6 34. Rh3 Qd5 35. Qf5 Rf8 1/2-1/2